Estatísticas para Quiz DE GEOGRAFIA

Clique aqui para jogar o quiz

Estatísticas Gerais

  • Esse quiz foi jogado 507 vezes
  • A pontuação média é 6 de 7

Estatísticas das Respostas

QuestãoResposta% Correto
QUEM ERA O PRINCIPAL DA UNIÃO SOVIÉTICARÚSSIA
95%
EUA FAZ FRONTEIRA COM QUAIS PAÍSESCANADÁ E MÉXICO
90%
QUAIS AS CORES DA BANDEIRA SUL-COREANAPRETO,BRANCO,VERMELHO E AZUL
90%
QUAL BANDEIRA NÃO E QUADRADA OU RETANGULARNEPAL
83%
QUAL BANDEIRA NÃO TEM VERMELHO,BRANCO E AZULJAMAICA
75%
QUAL PAÍS FAZ FRONTEIRA COM CATARARÁBIA SAUDITA
72%
QUAL PAÍS NÃO FAZ PARTE DA ONUVATICANO
48%

Distribuição das Pontuações

Percentil de Números Respondidos

Porcentagem de Pessoas com Cada Pontuação

Sua Pontuação Histórica

Você não jogou esse quiz